Statistiques concernant Pays les plus riches par habitant

Cliquez ici pour prendre le quiz!

Statistiques générales

  • Ce quiz a été pris 52 312 fois
    (33 861 depuis la dernière actualisation)
  • Le résultat moyen est 12 sur 20

Statistiques - réponses

$Pays% Correct
76 000Etats-Unis
92%
84 700Suisse
85%
203 000Monaco
76%
141 000Luxembourg
74%
63 300Allemagne
73%
62 900Suède
71%
77 800Norvège
69%
113 000Qatar
67%
78 300Émirats arabes unis
60%
63 600Andorre
59%
69 300Danemark
57%
68 600Pays-Bas
55%
134 000Liechtenstein
54%
132 000Singapour
51%
64 600Islande
47%
70 100Saint-Marin
47%
125 000Irlande
45%
64 800Autriche
40%
68 700Taïwan
32%
75 000Brunei
25%

Distribution des résultats

Percentile par nombre de réponses

% des personnes avec chaque résultat

Votre développement - résultats

Vous n’avez pas pris ce quiz depuis la dernière actualisation